000 00938nam a22002177a 4500
999 _c10887
_d10887
003 AR-CdUCM
008 190402b ||||| |||| 00| 0 spa d
040 _aMUNICIPALIDAD PROVINCIAL DEL CUSCO
_cBIBLIOTECA MUNICIPAL DEL CUSCO
082 _22ed.
_a129.36 /
_bK48 / 1935
100 _aKeyserling, Hermann,Conde,
_927939
245 _aLa revolución mundial y la responsabilidad del espíritu /
260 _aSantiago de Chile :
_bErcilla,
_c1935.
300 _a141 paginas ;
_c23 cm.
505 _aContenido : Carta prologo de Paul Valery -- La rebelión de las fuerzas teluricas las responsabilidades del espíritu -- Humanidad y naciones -- De la interdependencia de los mundos -- La revolución mundial.
650 _aCultura occidental
_97532
650 _aRevolución mundial
_927940
650 _aResponsabilidad espiritual
_927941
700 _aMartin, Gonzalo San ( Traductor)
_927942
942 _2ddc
_cLIBROS
945 _awnts